Polskie miasta "krzywo" przetłumaczone na język angielski - Statystyki

Ogólne statystyki
  • Ten quiz został rozwiązany 86 razy
  • Średni wynik to 17 z 26
Statystyki odpowiedzi
Lp. "Przetłumaczona nazwa miasta" Nazwa miasta % Poprawnych
1 Boat Łódź
98%
13 Circle Koło
94%
9 Green Mountain Zielona Góra
92%
6 Helium Hel
91%
4 Deer's Mountain Jelenia Góra
91%
2 White Peak Białystok
85%
15 Helmet Chełm
80%
8 Often Hide Częstochowa
80%
18 Sands Piaski
77%
5 Wheel Coast Kołobrzeg
74%
7 Saw Piła
70%
23 Silesian Wednesday Środa Śląska
68%
10 New Market Nowy Targ
67%
26 Oh a Field Opole
67%
3 Fat Tłuszcz
65%
16 Brands Marki
61%
24 Thing Rzecz
61%
21 Write Pisz
56%
25 Small Teeth Ząbki
56%
19 Paws Łapy
52%
22 Buried Zakopane
52%
14 Greater Poland 's Cross Krzyż Wielkopolski
39%
12 Was Beaten By Paradise Biłgoraj
27%
17 Forest Horseshoe Podkowa Leśna
26%
20 Small Tiny City Miastko
24%
11 Silk Jedwabne
21%
Nie znaleziono quizów pasujących do podanych kryteriów
Rozkład punktacji
Procent ludzi z każdym wynikiem
Percentyl według liczby udzielonych odpowiedzi
Twoja historia wyników
Nie rozwiązałeś tego quizu